000 00656nam a2200277Ia 4500
005 20260324113935.0
008 008 260324s9999 xx 000 0 eng d
020 _a9781003246770
037 _aEBOOK
040 _aCRL
040 _beng
040 _cCRL
041 _2eng
041 _aeng
084 _qCRL
100 _aErik Beulen; Marla A. Dans
_91148782
245 0 _aData Analytics and Digital Transformation
260 _bTaylor and Francis
260 _c2023
365 _a
365 _b230
856 _uhttp://www.taylorfrancis.com/books/9781003246770
942 _cEBOOK
999 _c1738699
_d1738699